| 000 | 00683nam a2200241Ia 4500 | ||
|---|---|---|---|
| 003 | OSt | ||
| 005 | 20220923223615.0 | ||
| 006 | a|||||r|||| 00| 0 | ||
| 007 | ta | ||
| 008 | Pun | ||
| 024 | _a219,105 | ||
| 037 | _cTextual | ||
| 040 |
_aARTS _cARTS _bPun |
||
| 041 |
_2Pun _aPun |
||
| 082 | _aNR4443w, 153P2 | ||
| 100 | _aਮਾਹਲ, ਇਕਬਾਲ | ||
| 245 | 0 | _aਸੁਰਾਂ ਦੇ ਸੁਦਾਗਰ | |
| 260 |
_aਦਿੱਲੀ _b ਨਵਯੁਗ ਪਬਲੀFਰਗ਼ _c2002 |
||
| 300 |
_a201ਪੰ _ccm. |
||
| 650 |
_aਵਧੀਆ ਕਲਾ _9156314 |
||
| 942 |
_hNR4443w, 153P2 _cTEXL _2CC |
||
| 999 |
_c366439 _d366439 |
||